Laicite, laicite-s?
Uloženo v:
| Hlavní autor: | |
|---|---|
| Médium: | Kniha |
| Jazyk: | španělština |
| Vydáno: |
Éd. Privat, impr
2012
|
| Vydání: | 1a. ed |
| Edice: | Le Comptoir des Idées
|
| Témata: | |
| Tagy: |
Přidat tag
Žádné tagy, Buďte první, kdo vytvoří štítek k tomuto záznamu!
|
MARC
| LEADER | 00000cam a2200000 a 4500 | ||
|---|---|---|---|
| 001 | UCE3751 | ||
| 003 | CL-VaPUC | ||
| 008 | 140925e20120000fr |||||||||||||||||spa|d | ||
| 020 | |a 9782708984028 | ||
| 082 | 0 | 4 | |a 211.6 |b DUC |2 21 |
| 100 | 0 | |a Ducomte, Jean-Michel |e author |9 576265 | |
| 245 | 1 | 0 | |a Laicite, laicite-s? |
| 250 | |a 1a. ed | ||
| 300 | |a 522 p | ||
| 942 | |c BK | ||
| 945 | |d 20140925 17:45:00 |a arojas | ||
| 260 | |b Éd. Privat, impr |c 2012 | ||
| 650 | 0 | |a Secularismo |9 401960 | |
| 650 | 0 | |a Leyes |9 256670 | |
| 651 | 0 | |a Francia |9 255157 | |
| 583 | |a last modification |c 20140930 12:10:34 |k Rodrigo Vera | ||
| 490 | 0 | |a Le Comptoir des Idées | |
| 999 | |c 356912 |d 356910 | ||
| 952 | |0 0 |1 0 |3 erb |4 0 |6 211_600000000000000_DUC_2012 |7 0 |8 A |9 464683 |a BIBDER |b BIBDER |i 5114608 |o 211.6 DUC 2012 |p 5114608 |r 2023-01-25 |w 2019-11-23 |y BK |z Catalogado en:20140925 |k DER | ||